Consecutive Letter States and Capitals Quiz Stats

 Plays Quiz not verified by Sporcle

Score 0/28 Timer 05:00
0 Plays Today
Hint Answer % Correct
-AB-Alabama
92.5%
-DE-Delaware
92.5%
-NO-North Dakota
88.7%
-NO-North Carolina
86.8%
-KL-Oklahoma
86.8%
-EF-Jefferson City
86%
-ST-Boston
83%
-RS-Jefferson City
83%
-ST-Austin
81.1%
-OP-Topeka
80%
-HI-Ohio
79.2%
-GH-Raleigh
79.2%
-KL-Oklahoma City
79.2%
-HI-Washington
77.4%
Hint Answer % Correct
-DE-Denver
77.4%
-HI-Michigan
75.5%
-DE-Des Moines
75.5%
-HI-New Hampshire
73.6%
-DE-Rhode Island
73.6%
-ST-Augusta
73.6%
-TU-Kentucky
71.7%
-RS-Carson City
71.7%
-NO-Honolulu
69.8%
-DE-Providence
67.9%
-ST-Charleston
67.9%
-NO-Illinois
66.7%
-ST-West Virginia
60.4%
-RS-New Jersey
56.6%

You're not logged in!

Compare scores with friends on all Sporcle quizzes.
OR
Log In

Sporcle TV

Today on Sporcle TV


Watch our educational content, quiz creation guides, and fun videos on Sporcle TV.

Show Comments

Extras

Top Quizzes Today


Score Distribution

Your Account Isn't Verified!

In order to create a playlist on Sporcle, you need to verify the email address you used during registration. Go to your Sporcle Settings to finish the process.

Report this User

Report this user for behavior that violates our Community Guidelines.

Details: